Declaración final

Збережено в:
Бібліографічні деталі
Співавтор: CODEHUCA
Формат: Текст
Опубліковано: San José: CODEHUCA
Теги: Додати тег
Немає тегів, Будьте першим, хто поставить тег для цього запису!

MARC

LEADER 00000 a a2200000 04500
001 21751
003
040
090 |a 097400  
110 |a CODEHUCA  
245 |a Declaración final  
260 |a San José:   |b CODEHUCA  
300 |a 3 p.  
999 |c 11696  |d 11696